000 01417cam a22003374a 4500
999 _c19409
_d19409
001 12326197
005 20170116122427.0
008 010226s2001 paua bc 000 0 eng
010 _a 2001088014
020 _a0764313576 (hardcover)
050 0 0 _aNK8438 .M55 2001
100 1 _aMillman, Herb.
245 1 0 _aArt deco lighting /
_cHerb Millman and John Dwyer.
260 _aAtglen, PA :
_bSchiffer Publishing,
_c2001.
300 _a159 p. :
_bcol. ill. ;
_c29 cm.
440 2 _aA Schiffer book for collectors
500 _a"With price guide."
504 _aIncludes bibliographical references.
650 0 _aElectric lamps
_xCollectors and collecting
_vCatalogs.
650 0 _aElectric lamps
_xHistory
_y20th century
_vCatalogs.
650 0 _aLighting, Architectural and decorative
_xCollectors and collecting
_vCatalogs.
650 0 _aLighting, Architectural and decorative
_xHistory
_y20th century
_vCatalogs.
650 0 _aDecoration and ornament
_xArt deco
_xCollectors and collecting
_vCatalogs.
700 1 _aDwyer, John.
942 _2lcc
_cBOOKS
_hNK8438 .M55 2001